[Event "Mondiale Lampo FIDE 2022"]
[Site "Alma Ata"]
[Date "30.12.2022"]
[Round "15.23"]
[White "Aravindh, Chithambaram VR."]
[Black "Maghsoodloo, Parham"]
[Result "1-0"]
[WhiteTitle ""]
[BlackTitle ""]
[WhiteElo "2607"]
[BlackElo "2719"]
[WhiteFideId "5072786"]
[BlackFideId "12539929"]
[EventDate "29.12.2022"]

1. g3 e5 2. c4 Nf6 3. Bg2 Nc6 4. Nc3 Bb4 5. Nd5 a5 6. e3 O-O 7. Ne2 d6 8. O-O
Bc5 9. Nec3 Bf5 10. d3 h6 11. a3 Bh7 12. b3 Nxd5 13. Nxd5 Ba7 14. b4 Nb8 15. Bb2
Nd7 16. Qd2 c6 17. Nc3 Nf6 18. d4 exd4 19. exd4 d5 20. c5 Qd7 21. Rfe1 Rfe8 22.
f3 Rxe1+ 23. Rxe1 axb4 24. axb4 Bb8 25. Bf1 Bc7 26. b5 h5 27. b6 Bd8 28. Ra1
Rxa1 29. Bxa1 Bf5 30. Bb2 Nh7 31. Bc1 Ng5 32. Qe3 Bf6 33. Ne2 Qc8 34. Qa3 Ne6
35. Be3 g5 36. Bf2 g4 37. Bg2 Ng5 38. Nf4 gxf3 39. Bxf3 Bg4 40. Bg2 Qf5 41. h4
Ne4 42. Bxe4 Qxe4 43. Qe3 Qb1+ 44. Kg2 Kg7 45. Kh2 Qd1 46. Kg2 Bf5 47. Kh2 Be4
48. Bg1 Kh7 49. Qe2 Qxe2+ 50. Nxe2 Kg7 51. Nf4 Bf3 52. Be3 Be7 53. Nd3 Be2 54.
Nf4 Bg4 55. Kg2 Kf6 56. Nd3 Bc8 57. Bg5+ Ke6 58. Nf4+ Kd7 59. Bxe7 Kxe7 60. Nxh5
Bg4 61. Nf4 Kf6 62. Kf2 Kg7 63. Ke3 Kf6 64. Nd3 Bf5 65. Ne5 Bc8 66. Kf4 Kg7 67.
g4 f6 68. Nd3 Kg6 69. Nb4 Kh6 70. Nc2 Kg6 71. Ne3 Bd7 72. h5+ 1-0

[Event "Mondiale Lampo FIDE 2022"]
[Site "Alma Ata"]
[Date "30.12.2022"]
[Round "15.24"]
[White "Riazantsev, Alexander"]
[Black "Kadric, Denis"]
[Result "1-0"]
[WhiteTitle ""]
[BlackTitle ""]
[WhiteElo "2626"]
[BlackElo "2584"]
[WhiteFideId "4125029"]
[BlackFideId "14403803"]
[EventDate "29.12.2022"]

1. d4 d6 2. Nf3 Nf6 3. c4 Nbd7 4. Nc3 e5 5. Bg5 h6 6. Bh4 Be7 7. e3 c6 8. Be2
O-O 9. Qc2 Re8 10. O-O exd4 11. exd4 Nf8 12. h3 Ng6 13. Bg3 Nh5 14. Bd3 Ngf4 15.
Bh7+ Kh8 16. Bf5 Qa5 17. Bxc8 Raxc8 18. Bh2 Ng6 19. a3 Nhf4 20. Rfe1 Bf8 21. Re3
Re7 22. Ne4 Re6 23. b4 Qf5 24. Rae1 Rce8 25. Kf1 d5 26. g4 Qxe4 27. Rxe4 dxe4
28. Nd2 e3 29. Rxe3 Rxe3 30. fxe3 Rxe3 31. Bxf4 Nxf4 32. Qf5 g5 33. Qxf7 Bg7 34.
Qxb7 Rxh3 35. Qxc6 Bxd4 36. Qe8+ Kg7 37. Qd7+ Kg6 1-0

[Event "Mondiale Lampo FIDE 2022"]
[Site "Alma Ata"]
[Date "30.12.2022"]
[Round "15.25"]
[White "Mamedov, Rauf"]
[Black "Idani, Pouya"]
[Result "1-0"]
[WhiteTitle ""]
[BlackTitle ""]
[WhiteElo "2646"]
[BlackElo "2637"]
[WhiteFideId "13401653"]
[BlackFideId "12510130"]
[EventDate "29.12.2022"]

1. e4 c5 2. Nf3 d6 3. Nc3 Nf6 4. g3 Nc6 5. Bg2 g6 6. O-O Bg7 7. d3 O-O 8. Re1
Bg4 9. h3 Bxf3 10. Bxf3 Rb8 11. a4 a6 12. Bg2 b5 13. axb5 axb5 14. Ne2 Nd7 15.
e5 d5 16. e6 fxe6 17. Nf4 Nd4 18. c3 e5 19. Nxd5 Nf5 20. Ra7 e6 21. Ne3 Nb6 22.
Ng4 c4 23. dxc4 Qxd1 24. Rxd1 bxc4 25. Re1 Nc8 26. Ra6 Rb6 27. Ra4 Ncd6 28. Nxe5
Bxe5 29. Rxe5 Ne7 30. Re2 Kf7 31. Ra7 Nc8 32. Rc7 Rd8 33. Bg5 Rd1+ 34. Kh2 Rb1
35. Rd2 Ke8 36. Rdd7 1-0

[Event "Mondiale Lampo FIDE 2022"]
[Site "Alma Ata"]
[Date "30.12.2022"]
[Round "15.26"]
[White "Asadli, Vugar"]
[Black "Sargsyan, Shant"]
[Result "1/2-1/2"]
[WhiteTitle ""]
[BlackTitle ""]
[WhiteElo "2567"]
[BlackElo "2645"]
[WhiteFideId "13405764"]
[BlackFideId "13306766"]
[EventDate "29.12.2022"]

1. e4 e5 2. Nf3 Nc6 3. Bb5 a6 4. Ba4 Nf6 5. Nc3 Bb4 6. Nd5 Bc5 7. c3 b5 8. Bb3
O-O 9. O-O Be7 10. d4 d6 11. dxe5 dxe5 12. Nxf6+ Bxf6 13. Bd5 Bb7 14. a4 Na5 15.
Bxb7 Nxb7 16. Be3 c6 17. Qe2 Qc7 18. b4 Nd6 19. Nd2 h6 20. Ra2 Bg5 21. Rfa1 Bxe3
22. Qxe3 Rad8 23. axb5 axb5 24. Ra7 Qc8 25. h3 Qe6 26. Qc5 Nc8 27. R7a2 Qd6 28.
Nf3 Qxc5 29. bxc5 f6 30. Ra6 Ne7 31. Ra7 Rf7 32. Rc7 Ng6 33. Rxc6 Nf4 34. Ra2
Rfd7 35. g3 Nxh3+ 36. Kg2 Ng5 37. Nxg5 hxg5 38. Rb6 Rd3 39. Rc2 Rc8 40. Rxb5 g4
41. Ra2 Rxc3 42. Rb7 Kh7 43. Raa7 Rg8 44. Rc7 Kg6 45. Kf1 Rc2 46. c6 f5 47.
exf5+ Kxf5 48. Ra5 Ke4 49. Re7 Rxc6 50. Rexe5+ Kd4 51. Rg5 Rf6 52. Rxg4+ Kc3 53.
Ra2 g5 54. Kg2 Rh6 55. Ra5 Rhg6 56. Rd5 R8g7 57. f3 Rg8 58. Re4 g4 59. fxg4 Ra8
60. g5 Rgg8 61. Kf3 Raf8+ 62. Kg4 Rc8 63. Rf5 Kd3 64. Ra4 Rc7 65. Rf3+ Ke2 66.
Rb3 Kd2 67. Ra2+ Kc1 68. Rf3 Kb1 69. Re2 Rc1 70. Ref2 Rc4+ 71. Rf4 Rc5 72. Rf5
Rc4+ 73. Kh5 Rh8+ 74. Kg6 Rc7 75. Re5 Rg8+ 76. Kh5 Rc1 77. g6 Rg1 78. g4 Rh1+
79. Kg5 Rc1 80. Ref5 Rc6 81. Rf6 Rc5+ 82. Kh6 Rc7 83. Re2 Rc1 84. g7 Rd8 85. Kh7
Rh1+ 86. Kg6 Rg1 87. g5 Rd5 88. Rf1+ Rxf1 89. g8=Q Rxg5+ 90. Kxg5 Rg1+ 91. Kf6 1/2-1/2

[Event "Mondiale Lampo FIDE 2022"]
[Site "Alma Ata"]
[Date "30.12.2022"]
[Round "15.27"]
[White "Bluebaum, Matthias"]
[Black "Jobava, Baadur"]
[Result "1-0"]
[WhiteTitle ""]
[BlackTitle ""]
[WhiteElo "2657"]
[BlackElo "2578"]
[WhiteFideId "24651516"]
[BlackFideId "13601520"]
[EventDate "29.12.2022"]

1. d4 Nf6 2. c4 c5 3. d5 g6 4. Nc3 Bg7 5. e4 d6 6. h3 O-O 7. Nf3 e6 8. Be3 exd5
9. cxd5 Re8 10. Nd2 Na6 11. Bd3 Nc7 12. O-O b6 13. Bg5 h6 14. Bh4 Ba6 15. Bxa6
Nxa6 16. f4 Nc7 17. a4 Qd7 18. Qf3 b5 19. axb5 Nxb5 20. Nxb5 Qxb5 21. e5 Nh7 22.
Ne4 Bf8 23. Nxd6 Bxd6 24. exd6 Nf8 25. Be7 Qxb2 26. f5 g5 27. Rab1 Qd4+ 28. Kh1
Rab8 29. Rbd1 Qh4 30. Qa3 Qh5 31. Qxa7 Rb3 32. Kg1 g4 33. hxg4 Qxg4 34. Qxc5 Nd7
35. Qd4 Qg3 36. Qf4 Qg7 37. Rf3 Rxf3 38. Qxf3 Rb8 39. Qf2 Rb4 40. Rc1 Kh7 41.
Qc2 f6 42. Qe2 Rg4 43. Rc7 Qg5 44. Bxf6 Qxf5 45. Qe7+ Kg6 46. Qxd7 Qb1+ 47. Kh2
Kh5 48. Qf7+ Rg6 49. Be5 Qe4 50. Qf3+ Qxf3 51. gxf3 Rg5 52. d7 1-0

[Event "Mondiale Lampo FIDE 2022"]
[Site "Alma Ata"]
[Date "30.12.2022"]
[Round "15.29"]
[White "Tang, Andrew"]
[Black "Esipenko, Andrey"]
[Result "1/2-1/2"]
[WhiteTitle ""]
[BlackTitle ""]
[WhiteElo "2540"]
[BlackElo "2678"]
[WhiteFideId "2059630"]
[BlackFideId "24175439"]
[EventDate "29.12.2022"]

1. d4 Nf6 2. c4 e6 3. Nc3 Bb4 4. Qc2 b6 5. e4 c5 6. d5 Qe7 7. Ne2 exd5 8. exd5
O-O 9. Bd2 d6 10. f3 Nbd7 11. O-O-O a6 12. Ng3 Ne5 13. f4 Ng6 14. h4 h5 15. Bd3
b5 16. Rde1 Qd8 17. Bxg6 fxg6 18. Qxg6 bxc4 19. Nxh5 Nxh5 20. Qxh5 Bf5 21. g4
Bd3 22. g5 g6 23. Qg4 Rb8 24. h5 Bf5 25. Qe2 Ba3 26. hxg6 Bxb2+ 27. Kd1 Qd7 28.
Qe7 Bg4+ 29. Kc2 Bf5+ 30. Kd1 Bg4+ 31. Kc2 Bf5+ 1/2-1/2

[Event "Mondiale Lampo FIDE 2022"]
[Site "Alma Ata"]
[Date "30.12.2022"]
[Round "15.30"]
[White "Ponkratov, Pavel"]
[Black "Predke, Alexandr"]
[Result "1-0"]
[WhiteTitle ""]
[BlackTitle ""]
[WhiteElo "2577"]
[BlackElo "2684"]
[WhiteFideId "4157800"]
[BlackFideId "24107581"]
[EventDate "29.12.2022"]

1. g3 d5 2. Nf3 Nf6 3. Bg2 e6 4. c4 Be7 5. cxd5 exd5 6. O-O O-O 7. Qc2 c6 8. d3
Bg4 9. h3 Bh5 10. e4 Na6 11. e5 Nd7 12. d4 Bg6 13. Qe2 Nb4 14. Ne1 c5 15. f4 Be4
16. Bxe4 dxe4 17. d5 Nxd5 18. Qxe4 N7b6 19. Nf3 Nb4 20. Nc3 Qd3 21. Qxb7 Nc2 22.
Rb1 Nd4 23. Qe4 Qa6 24. Be3 Nxf3+ 25. Qxf3 Rad8 26. Rbd1 Rfe8 27. h4 Bf8 28. h5
h6 29. Bc1 Qc8 30. Kg2 Rd4 31. Be3 Rdd8 32. Ne4 Nc4 33. Bc1 Nb6 34. Rxd8 Rxd8
35. f5 Re8 36. e6 fxe6 37. f6 Kh8 38. Qg4 Qc6 39. Kh3 Qd5 40. Qg6 Rd8 41. fxg7+
Bxg7 42. Bxh6 Qd7 43. Rf7 1-0

[Event "Mondiale Lampo FIDE 2022"]
[Site "Alma Ata"]
[Date "30.12.2022"]
[Round "15.31"]
[White "Adhiban, Baskaran"]
[Black "Nguyen, Thai Dai Van"]
[Result "1-0"]
[WhiteTitle ""]
[BlackTitle ""]
[WhiteElo "2611"]
[BlackElo "2656"]
[WhiteFideId "5018471"]
[BlackFideId "358878"]
[EventDate "29.12.2022"]

1. e4 c5 2. Nf3 e6 3. c3 Nf6 4. e5 Nd5 5. d4 cxd4 6. cxd4 d6 7. Bc4 Be7 8. O-O
O-O 9. Qe2 Bd7 10. Bxd5 exd5 11. Nc3 Be6 12. Rd1 Nc6 13. Bf4 Rc8 14. h3 Re8 15.
Qb5 dxe5 16. dxe5 d4 17. Qxb7 Bc5 18. Ne4 Qd5 19. Nxc5 Qxc5 20. Rac1 Qd5 21.
Nxd4 Nxd4 22. Qxd5 Ne2+ 23. Kf1 Bxd5 24. Rxc8 Rxc8 25. Kxe2 Bxg2 26. h4 Bh3 27.
Rd2 Be6 28. b3 h6 29. Ke3 a5 30. Rd4 Rc5 31. Ra4 Bd7 32. Rc4 Rxc4 33. bxc4 Kf8
34. Kd4 Ke7 35. Bd2 a4 36. Bb4+ Ke6 37. Bf8 g5 38. h5 Kf5 39. Bxh6 Kg4 40. a3
Kxh5 41. Bf8 Kg4 42. Be7 Kf5 43. Bd8 g4 44. Bh4 Kf4 45. Bg3+ Kf3 1-0

[Event "Mondiale Lampo FIDE 2022"]
[Site "Alma Ata"]
[Date "30.12.2022"]
[Round "15.32"]
[White "Van Foreest, Jorden"]
[Black "Petrosyan, Manuel"]
[Result "1-0"]
[WhiteTitle ""]
[BlackTitle ""]
[WhiteElo "2690"]
[BlackElo "2621"]
[WhiteFideId "1039784"]
[BlackFideId "13300857"]
[EventDate "29.12.2022"]

1. e4 e5 2. Nf3 Nc6 3. Bb5 Nf6 4. d3 Bc5 5. Bxc6 dxc6 6. Be3 Qe7 7. Bxc5 Qxc5 8.
Nc3 Bg4 9. h3 Bh5 10. g4 Bg6 11. Nh4 O-O-O 12. Qf3 Nd7 13. Nf5 Rhg8 14. h4 f6
15. O-O-O Kb8 16. Kb1 Nf8 17. h5 Bf7 18. h6 g6 19. Ng7 Qe7 20. Qe3 Ne6 21. Nxe6
Bxe6 22. f3 c5 23. b3 b6 24. Rhg1 g5 25. Ne2 Rg6 26. Rh1 Qf8 27. Ng3 Rxh6 28.
Rxh6 Qxh6 29. Rh1 Qg6 30. Qf2 h6 31. Rh3 Rh8 32. Qh2 Kb7 33. Kb2 Qg7 34. Nh5 Qf8
35. Ng3 Qd6 36. Ne2 c4 37. dxc4 Bxc4 38. Nc3 Bf1 39. Rxh6 Rxh6 40. Qxh6 Qd2 41.
Nb1 Qf4 42. Qg7 Bb5 43. Na3 Be2 44. Qd7 Qxf3 45. Qd5+ Kb8 46. Qd8+ Kb7 47. Qd5+
Kb8 48. Nb1 Qe3 49. Nc3 Bxg4 50. Qd8+ Bc8 51. Nd5 Qd4+ 52. c3 Qc5 53. Ne7 Qf2+
54. Ka3 Qc5+ 55. Kb2 Qf2+ 56. Kc1 Qe3+ 57. Kb2 Qh3 58. Nc6+ Kb7 59. Qxf6 Qd7 1-0

[Event "Mondiale Lampo FIDE 2022"]
[Site "Alma Ata"]
[Date "30.12.2022"]
[Round "15.33"]
[White "Yakubboev, Nodirbek"]
[Black "Brunello, Sabino"]
[Result "1-0"]
[WhiteTitle ""]
[BlackTitle ""]
[WhiteElo "2647"]
[BlackElo "2519"]
[WhiteFideId "14203987"]
[BlackFideId "813613"]
[EventDate "29.12.2022"]

1. c4 c6 2. d4 d5 3. cxd5 cxd5 4. Bf4 Nc6 5. e3 Nf6 6. Bd3 Bg4 7. f3 Bd7 8. Nc3
e6 9. g4 Be7 10. Nge2 O-O 11. h4 Ne8 12. Kf2 Bxh4+ 13. Kg2 h6 14. Qg1 Bg5 15.
Bxg5 Qxg5 16. Rh5 Qe7 17. Qh2 f5 18. g5 Nd6 19. gxh6 g6 20. h7+ Kh8 21. Nf4 Be8
22. Rh6 Rf6 23. Kf2 Nb4 24. Rg1 Nxd3+ 25. Nxd3 Qg7 26. Nf4 Nc4 27. Qh4 Bf7 28.
Qg5 Nxb2 29. Nh5 1-0

[Event "Mondiale Lampo FIDE 2022"]
[Site "Alma Ata"]
[Date "30.12.2022"]
[Round "15.34"]
[White "Petrosian, Tigran L."]
[Black "Durarbayli, Vasif"]
[Result "1-0"]
[WhiteTitle ""]
[BlackTitle ""]
[WhiteElo "2551"]
[BlackElo "2612"]
[WhiteFideId "13301616"]
[BlackFideId "13402935"]
[EventDate "29.12.2022"]

1. Nf3 d5 2. g3 c6 3. Bg2 Bg4 4. h3 Bxf3 5. Bxf3 Nd7 6. Bg2 e5 7. d3 Ngf6 8. O-O
Be7 9. c4 d4 10. Na3 O-O 11. Nc2 a5 12. b3 Nc5 13. Rb1 Qc7 14. e3 dxe3 15. Bxe3
Rad8 16. d4 exd4 17. Nxd4 Rfe8 18. Qc2 Bf8 19. Rbd1 g6 20. Rfe1 Qc8 21. g4 Ne6
22. Nxe6 Rxe6 23. Bb6 Rde8 24. Bxa5 h5 25. g5 Nd7 26. Rxe6 Rxe6 27. h4 b6 28.
Bc3 Ne5 29. Re1 Ng4 30. Rxe6 Qxe6 31. Qe4 Qd6 32. Qd4 Qh2+ 33. Kf1 f6 34. gxf6
Qxh4 35. Bxc6 Kh7 36. f7 Kh6 37. Qh8+ Kg5 38. Bd2+ Kf5 39. Bd7+ Ke4 40. Bxg4
Qxg4 41. Qc3 Qd1+ 42. Kg2 Kf5 1-0

[Event "Mondiale Lampo FIDE 2022"]
[Site "Alma Ata"]
[Date "30.12.2022"]
[Round "15.35"]
[White "Andriasian, Zaven"]
[Black "Kovalev, Vladislav"]
[Result "1-0"]
[WhiteTitle ""]
[BlackTitle ""]
[WhiteElo "2580"]
[BlackElo "2623"]
[WhiteFideId "13302000"]
[BlackFideId "13504398"]
[EventDate "29.12.2022"]

1. e4 e5 2. Nf3 Nc6 3. Bc4 Bc5 4. d3 Nf6 5. Nbd2 d6 6. c3 a6 7. Bb3 h6 8. h3 Ba7
9. Nf1 Ne7 10. Ng3 Ng6 11. O-O O-O 12. d4 Re8 13. Re1 b5 14. a4 Bb7 15. Bc2 c5
16. dxe5 dxe5 17. Bd2 c4 18. Nf5 Kh7 19. Qe2 Qc7 20. Nh2 Bc5 21. Qf3 Qb6 22. a5
Qe6 23. Ng4 Nxg4 24. hxg4 Rad8 25. Re2 f6 26. g3 Ne7 27. Kg2 Nxf5 28. gxf5 Qf7
29. Qg4 Rd7 30. Rh1 Red8 31. Bc1 Bc6 32. Ree1 Bb7 33. Bxh6 Kg8 34. Bc1 Rd2 35.
Bxd2 Rxd2 36. Re2 Rd6 37. Qh4 Kf8 38. Qh8+ Qg8 39. b4 Ba7 40. Qxg8+ Kxg8 41. Rd1
Rxd1 42. Bxd1 Kf8 43. Re1 Kf7 44. Bf3 Bb8 45. Rh1 Kg8 46. Rd1 1-0

[Event "Mondiale Lampo FIDE 2022"]
[Site "Alma Ata"]
[Date "30.12.2022"]
[Round "15.36"]
[White "Cheparinov, Ivan"]
[Black "Chigaev, Maksim"]
[Result "1-0"]
[WhiteTitle ""]
[BlackTitle ""]
[WhiteElo "2688"]
[BlackElo "2632"]
[WhiteFideId "2905540"]
[BlackFideId "4108116"]
[EventDate "29.12.2022"]

1. e4 c5 2. Nf3 d6 3. d4 cxd4 4. Nxd4 Nf6 5. Nc3 a6 6. Be3 e5 7. Nb3 Be6 8. f3
h5 9. Qd2 Nbd7 10. O-O-O Be7 11. Kb1 Rc8 12. Bd3 Qc7 13. h3 h4 14. f4 b5 15.
Rhe1 Nb6 16. Bxb6 Qxb6 17. Nd5 Bxd5 18. exd5 O-O 19. fxe5 dxe5 20. Rxe5 Bd6 21.
Rg5 Rfe8 22. Rxg7+ Kxg7 23. Qg5+ Kf8 24. Qxf6 Rb8 25. Rf1 Rb7 26. Qh8+ Ke7 27.
Re1+ 1-0

[Event "Mondiale Lampo FIDE 2022"]
[Site "Alma Ata"]
[Date "30.12.2022"]
[Round "15.37"]
[White "Ghaem Maghami, Ehsan"]
[Black "Nogerbek, Kazybek"]
[Result "1/2-1/2"]
[WhiteTitle ""]
[BlackTitle ""]
[WhiteElo "2490"]
[BlackElo "2468"]
[WhiteFideId "12500739"]
[BlackFideId "13710427"]
[EventDate "29.12.2022"]

1. c4 e5 2. Nc3 Nf6 3. g3 Bc5 4. Bg2 c6 5. e3 d5 6. d4 exd4 7. exd4 Bb6 8. cxd5
Nxd5 9. Nxd5 cxd5 10. Ne2 O-O 11. h3 Nc6 12. O-O Bf5 13. Be3 Qd7 14. Nf4 Rfe8
15. Bxd5 Bxh3 16. Bxc6 bxc6 17. Nxh3 Qxh3 18. Qf3 Rac8 19. Rac1 Qe6 20. b3 Qd5
21. Qxd5 cxd5 22. Kg2 f6 23. Kf3 Kf7 24. Rh1 h6 25. g4 Kg6 26. a4 Rxc1 27. Rxc1
Re4 28. Rd1 a5 29. Rc1 Bxd4 30. Rd1 Bxe3 31. fxe3 Rb4 32. Rxd5 Rxb3 33. Rxa5 Ra3
34. Ra7 1/2-1/2

[Event "Mondiale Lampo FIDE 2022"]
[Site "Alma Ata"]
[Date "30.12.2022"]
[Round "15.38"]
[White "Suleymanli, Aydin"]
[Black "Ghasi, Ameet K"]
[Result "0-1"]
[WhiteTitle ""]
[BlackTitle ""]
[WhiteElo "2543"]
[BlackElo "2471"]
[WhiteFideId "13413937"]
[BlackFideId "409200"]
[EventDate "29.12.2022"]

1. d4 Nf6 2. c4 g6 3. Nc3 Bg7 4. e4 d6 5. h3 Nbd7 6. Nf3 e5 7. g3 O-O 8. Bg2
exd4 9. Nxd4 Re8 10. O-O Nc5 11. Re1 a5 12. Qc2 Bd7 13. Be3 Qc8 14. Kh2 Re5 15.
f3 Rh5 16. h4 Re5 17. Rad1 Re8 18. Ndb5 b6 19. Bd4 Bc6 20. Bh3 Qb7 21. Bxf6 Bxf6
22. Nd5 Bxd5 23. cxd5 Rad8 24. Nd4 Bxd4 25. Rxd4 f5 26. a3 a4 27. h5 fxe4 28.
Qc3 Re5 29. h6 exf3 30. Rd2 Rde8 31. Rxe5 Rxe5 32. Qxf3 Qa8 33. Rf2 Qe8 34. g4
Ne4 35. Rf1 Ng5 36. Qf4 Re2+ 37. Bg2 Qe5 38. Qxe5 dxe5 39. Rc1 e4 40. Rxc7 Rd2
41. Rc8+ Kf7 42. Rc7+ Kf6 43. Rc6+ Ke5 44. Rxb6 e3 45. Rb7 Kf4 46. Rb4+ Ke5 47.
Rb7 Kf4 48. Rb4+ Ke5 49. Rb7 e2 50. Re7+ Kf4 51. Kg1 Kg3 52. Re3+ Kf4 53. Re7
Nf3+ 54. Bxf3 Kxf3 55. Rf7+ Kg3 0-1

[Event "Mondiale Lampo FIDE 2022"]
[Site "Alma Ata"]
[Date "30.12.2022"]
[Round "15.39"]
[White "Jumabayev, Rinat"]
[Black "Nesterov, Arseniy"]
[Result "1/2-1/2"]
[WhiteTitle ""]
[BlackTitle ""]
[WhiteElo "2609"]
[BlackElo "2573"]
[WhiteFideId "13702661"]
[BlackFideId "24198455"]
[EventDate "29.12.2022"]

1. d4 d5 2. c4 e6 3. Nf3 Nf6 4. e3 Be7 5. Nc3 O-O 6. Be2 b6 7. O-O Bb7 8. b3
Nbd7 9. Bb2 c5 10. Rc1 Rc8 11. cxd5 Nxd5 12. Nxd5 Bxd5 13. Ba6 Rc7 14. Qc2 Bxf3
15. gxf3 Bd6 16. Qe4 Qg5+ 17. Qg4 Qh6 18. f4 Nf6 19. Qg2 Nd5 20. Rfd1 Nb4 21.
dxc5 Bxc5 22. Bb5 Nxa2 23. Rc4 Nb4 24. Be5 Rcc8 25. Bd7 Rcd8 26. Bc7 Ra8 27. f5
Nd5 28. Be5 Nxe3 29. Bxg7 Qxg7 30. Qxg7+ Kxg7 31. fxe3 Bxe3+ 32. Kg2 exf5 33.
Bxf5 Bc5 34. Rg4+ Kh8 35. Rd7 a5 36. Kf3 Rad8 37. Rb7 Rd5 38. Be4 f5 39. Bxd5
fxg4+ 40. Kxg4 Rd8 41. Be4 Re8 42. Bxh7 Re7 1/2-1/2

[Event "Mondiale Lampo FIDE 2022"]
[Site "Alma Ata"]
[Date "30.12.2022"]
[Round "15.40"]
[White "Pranav, V"]
[Black "Vachier-Lagrave, Maxime"]
[Result "0-1"]
[WhiteTitle ""]
[BlackTitle ""]
[WhiteElo "2545"]
[BlackElo "2737"]
[WhiteFideId "25060783"]
[BlackFideId "623539"]
[EventDate "29.12.2022"]

1. e4 c5 2. Nf3 Nc6 3. Bb5 g6 4. O-O Bg7 5. c3 Nf6 6. Qa4 e5 7. d4 cxd4 8. cxd4
exd4 9. Nxd4 O-O 10. Nf3 a6 11. Nc3 Re8 12. Rd1 axb5 13. Qxa8 b4 14. Nd5 Nxe4
15. Be3 d6 16. Nd4 Bd7 17. Qxb7 Ne5 18. Qb6 Qh4 19. f3 Nc4 20. Qc7 Nxe3 21. fxe4
Nxd1 22. Rxd1 Bxd4+ 23. Kh1 Qxe4 0-1

[Event "Mondiale Lampo FIDE 2022"]
[Site "Alma Ata"]
[Date "30.12.2022"]
[Round "15.41"]
[White "Tomashevsky, Evgeny"]
[Black "Gareyev, Timur"]
[Result "0-1"]
[WhiteTitle ""]
[BlackTitle ""]
[WhiteElo "2694"]
[BlackElo "2602"]
[WhiteFideId "4147235"]
[BlackFideId "14200937"]
[EventDate "29.12.2022"]

1. d4 d6 2. e4 g6 3. Nc3 a6 4. a4 b6 5. h4 c5 6. d5 h5 7. Be2 Bg7 8. Nf3 Bg4 9.
Ng5 Nh6 10. O-O Nd7 11. Bf4 Bd4 12. Qd2 Ne5 13. Be3 Bxe2 14. Qxe2 Nhg4 15. Nd1
Bxe3 16. Nxe3 Qd7 17. f3 Nf6 18. b3 O-O 19. f4 Neg4 20. f5 gxf5 21. exf5 Nxe3
22. Qxe3 Nxd5 23. Qd2 Nf6 24. Rae1 d5 25. Re3 Qd6 26. Nf3 Ng4 27. Re2 f6 28. Re6
Qc7 29. Qxd5 Kh8 30. Rfe1 Rad8 31. Qe4 Qg3 32. Rxe7 Rd2 33. Re2 Rd1+ 34. Re1
Qf2+ 35. Kh1 Qf1+ 36. Rxf1 Rxf1+ 37. Ng1 Nf2+ 38. Kh2 Nxe4 39. Rxe4 Rg8 40. Nh3
Rg4 41. Re6 Rxf5 42. Rxb6 a5 43. Rb5 Rxh4 44. Rxa5 Rd4 45. Rb5 h4 46. a5 Rd1 47.
Ng1 Rff1 48. Rxc5 Rxg1 49. Kh3 Rd4 50. c3 Rh1# 0-1

[Event "Mondiale Lampo FIDE 2022"]
[Site "Alma Ata"]
[Date "30.12.2022"]
[Round "15.42"]
[White "Svane, Rasmus"]
[Black "Tabatabaei, M. Amin"]
[Result "1-0"]
[WhiteTitle ""]
[BlackTitle ""]
[WhiteElo "2622"]
[BlackElo "2660"]
[WhiteFideId "4657101"]
[BlackFideId "12521213"]
[EventDate "29.12.2022"]

1. Nf3 d6 2. d4 Nf6 3. Nc3 Bf5 4. Nh4 Bg6 5. Nxg6 hxg6 6. e4 e6 7. g3 d5 8. Bg2
c6 9. O-O Bb4 10. e5 Nfd7 11. Ne2 Be7 12. Be3 Qb6 13. b3 a5 14. c4 a4 15. Qc2
axb3 16. axb3 Na6 17. c5 Qd8 18. Rfb1 O-O 19. b4 Nc7 20. Nc3 b5 21. h4 Qb8 22.
Bf3 Qb7 23. Kg2 Rxa1 24. Rxa1 Ra8 25. Rh1 Nf8 26. h5 g5 27. Qd2 Nh7 28. Be2 Ra3
29. Bd3 f5 30. exf6 gxf6 31. Nb1 Ra1 32. Bxh7+ Kxh7 33. Qc2+ Kh8 34. h6 Qa8 35.
h7 Qf8 36. Qg6 Ra8 37. Rh6 Qe8 38. Qc2 Qf7 39. Nd2 Na6 40. Nf3 Nxb4 41. Qb1 Na2
42. Qh1 Nc3 43. Bxg5 Ne4 44. Bf4 Ra2 45. Be3 e5 46. Nh4 Ra8 47. Ng6+ Kg7 48.
h8=Q+ Rxh8 49. Nxh8 Qe6 50. Rg6+ Kf8 51. Qh6+ Ke8 52. Qh3 Qxh3+ 53. Kxh3 b4 54.
Rg8+ Kd7 55. Rb8 exd4 56. Bxd4 Nxc5 57. Rxb4 Ne6 58. Rb7+ Ke8 59. Ng6 Bd8 60.
Bb6 d4 61. Bxd8 Kxd8 62. Nf4 1-0

[Event "Mondiale Lampo FIDE 2022"]
[Site "Alma Ata"]
[Date "30.12.2022"]
[Round "15.43"]
[White "Zhigalko, Sergei"]
[Black "Alonso Rosell, Alvar"]
[Result "1-0"]
[WhiteTitle ""]
[BlackTitle ""]
[WhiteElo "2572"]
[BlackElo "2561"]
[WhiteFideId "13502956"]
[BlackFideId "2270544"]
[EventDate "29.12.2022"]

1. e4 e5 2. Nf3 Nc6 3. Bc4 Nf6 4. d3 Bc5 5. O-O a6 6. Nbd2 d6 7. c3 Ba7 8. Bb3
h6 9. Re1 g5 10. Nc4 g4 11. Nfd2 Nh5 12. Nf1 b5 13. Nce3 Nf4 14. Nd5 Ng6 15. Be3
Na5 16. Bc2 c6 17. Bxa7 Rxa7 18. Nde3 Nf4 19. b4 Nb7 20. a4 Qg5 21. axb5 cxb5
22. Ng3 h5 23. Ngf5 O-O 24. g3 Nh3+ 25. Kg2 Bxf5 26. Nxf5 Nd8 27. f3 Kh7 28. Qc1
Qf6 1-0

[Event "Mondiale Lampo FIDE 2022"]
[Site "Alma Ata"]
[Date "30.12.2022"]
[Round "15.45"]
[White "Vokhidov, Shamsiddin"]
[Black "Makhnev, Denis"]
[Result "0-1"]
[WhiteTitle ""]
[BlackTitle ""]
[WhiteElo "2579"]
[BlackElo "2481"]
[WhiteFideId "14204223"]
[BlackFideId "13707647"]
[EventDate "29.12.2022"]

1. e4 e5 2. Nf3 Nc6 3. Bb5 a6 4. Ba4 Nf6 5. O-O Be7 6. Re1 b5 7. Bb3 d6 8. c3
O-O 9. h3 Nb8 10. d4 Nbd7 11. Nbd2 Bb7 12. Bc2 Re8 13. Nf1 Bf8 14. Ng3 g6 15. a4
Nb6 16. Bg5 h6 17. Bd2 Bg7 18. dxe5 dxe5 19. axb5 axb5 20. Qe2 Nc4 21. Rxa8 Qxa8
22. Bc1 Nd6 23. h4 Bc8 24. h5 Bg4 25. hxg6 fxg6 26. Qe3 Qc6 27. Bd3 Kh7 28. Nh2
Be6 29. Qe2 Nd7 30. Be3 Nc5 31. Bc2 Rf8 32. Bc1 Nb3 33. Nhf1 Nxc1 34. Rxc1 Nc4
35. Bd3 Rd8 36. b3 Nd6 37. Nd2 Bf6 38. Rc2 Bg5 39. Ngf1 Kg7 40. Nf3 Bf6 41. N1d2
Qa6 42. c4 bxc4 43. Nxc4 Qa1+ 44. Kh2 Nf7 45. Ne3 Qa7 46. Bc4 Bxc4 47. Qxc4 Rd7
48. Nd5 Bd8 49. Qc3 c6 50. Nxe5 Qb8 51. f4 Nxe5 52. Ne3 Bf6 53. Kh3 Rd3 54. Qe1
Qxb3 55. Re2 Nc4 0-1

[Event "Mondiale Lampo FIDE 2022"]
[Site "Alma Ata"]
[Date "30.12.2022"]
[Round "15.46"]
[White "Daneshvar, Bardiya"]
[Black "Ter-Sahakyan, Samvel"]
[Result "0-1"]
[WhiteTitle ""]
[BlackTitle ""]
[WhiteElo "2500"]
[BlackElo "2605"]
[WhiteFideId "12576468"]
[BlackFideId "13302531"]
[EventDate "29.12.2022"]

1. Nf3 d5 2. g3 g6 3. c4 dxc4 4. Na3 Bg7 5. Nxc4 Nc6 6. d3 e5 7. Bd2 Nf6 8.
Ncxe5 Nxe5 9. Nxe5 O-O 10. Nc4 Re8 11. Ne3 Ng4 12. Bg2 Bd4 13. O-O Nxf2 14. Rxf2
Rxe3 15. Bc3 Re7 16. Bxd4 Qxd4 17. Qd2 Bg4 18. Re1 Rae8 19. Bf1 Re3 20. Rf4
Rxg3+ 0-1